000 00425nam a22001577a 4500
999 _c7948
_d7948
003 OSt
005 20190322111449.0
008 190322b ||||| |||| 00| 0 eng d
040 _cDLC
082 _a494
_bH615P
100 _aHeyego Mocordd Athe James E. Parisat
245 _aPermaswar Peta/
_cHeyego Mocordd Athe James E. Parisat
260 _aIndia:
_btruth for today:
_cc 1996
300 _a183 p.;
_c20 cm
942 _2ddc
_cBK